Statistiques concernant Opus cinématographiques 11 - Saw

Cliquez ici pour prendre le quiz!

Statistiques générales

  • Ce quiz a été pris 272 fois
  • Le résultat moyen est 7 sur 8

Statistiques - réponses

Date de sortieTitre% Correct
2007Saw 4
100%
2008Saw 5
100%
2004Saw
99%
2005Saw 2
99%
2006Saw 3
99%
2009Saw 6
99%
2017Jigsaw
82%
2010Saw - Chapitre Final
70%

Distribution des résultats

Percentile par nombre de réponses

% des personnes avec chaque résultat

Votre développement - résultats

Vous n’avez pas pris ce quiz